Collaborative construction information management (Record no. 111415)

MARC details
000 -LEADER
fixed length control field 02987cad a22003015a 4500
001 - CONTROL NUMBER
control field L151506
008 - FIXED-LENGTH DATA ELEMENTS--GENERAL INFORMATION
fixed length control field 101111s2009 xxk f 000 0 eng d
020 ## - INTERNATIONAL STANDARD BOOK NUMBER
International Standard Book Number 9780203883631
035 ## - SYSTEM CONTROL NUMBER
System control number (Sirsi) u151506
041 0# - LANGUAGE CODE
Language code of text/sound track or separate title eng
050 04 - LIBRARY OF CONGRESS CALL NUMBER
Classification number 690.068
100 1# - MAIN ENTRY--PERSONAL NAME
Personal name Shen, Geoffrey Qiping
245 00 - TITLE STATEMENT
Title Collaborative construction information management
Medium [electronic resource]
260 ## - PUBLICATION, DISTRIBUTION, ETC.
Name of publisher, distributor, etc. Taylor & Francis Ltd
Date of publication, distribution, etc. 2009
300 ## - PHYSICAL DESCRIPTION
Extent eBook
505 2# - FORMATTED CONTENTS NOTE
Formatted contents note Introduction: collaborative construction information management ? evolution and revolution -- Collaboration: a technology or human interface problem?-- Potential obstacles to using BIM in architectural design -- Collaboration using BIM: results of Cooperative Research Centre for Construction Innovation projects -- Process modelling for planning, managing and control of collaborative design -- Combining 3D models and simulations to meet the design challenges of the twenty-first century -- Digital design collaboration: from BIM to BKM ? enhancing human creativity -- Towards a multi-agent approach for knowledge-based virtual construction -- Update on the Swire Properties Hong Kong One Island East Tower BIM success story -- IKEA pattern and revolution of the construction industry -- Improving information delivery -- Applying process rigour to the use of BIM in building design teams: a review of three technologies -- Building information modelling in material take-off in a Hong Kong project -- A data-centric, process-orientated model for effective collaborative working -- Supporting collective knowledge creation in digitally mediated collaborative environments -- The use of 3D computer visualisation methods in value management briefing and design studies: the case for rapid prototyping and the impact on industry structure -- Accelerating collaboration: soft system imperatives for mobilising hard system developments -- The construction game
520 ## - SUMMARY, ETC.
Summary, etc. This eBook provides insights by an international group of leading scholars and professionals into the potential use, development and limitations of current collaborative technologies and practices. Material is grouped around the six themes - key issues in collaborative working, advanced technologies for collaborative working, virtual prototyping in design and construction, building information modeling, managing the collaborative processes, and human issues in collaborative working. Researchers and practitioners in the building and construction industry as well as graduate students should find this a valuable reference.
650 24 - SUBJECT ADDED ENTRY--TOPICAL TERM
Topical term or geographic name entry element BUILDING INFORMATION MODELLING
650 24 - SUBJECT ADDED ENTRY--TOPICAL TERM
Topical term or geographic name entry element EBOOK
650 24 - SUBJECT ADDED ENTRY--TOPICAL TERM
Topical term or geographic name entry element BIM
9 (RLIN) 6219
651 #4 - SUBJECT ADDED ENTRY--GEOGRAPHIC NAME
Geographic name ENGLAND AND WALES
690 ## - LOCAL SUBJECT ADDED ENTRY--TOPICAL TERM (OCLC, RLIN)
Topical term or geographic name as entry element MANAGEMENT-BUSINESS MANAGEMENT-INFORMATION MANAGEMENT-KNOWLEDGE MANAGEMENT
690 ## - LOCAL SUBJECT ADDED ENTRY--TOPICAL TERM (OCLC, RLIN)
Topical term or geographic name as entry element BIM
9 (RLIN) 6219
700 1# - ADDED ENTRY--PERSONAL NAME
Personal name Brandon, Peter
700 1# - ADDED ENTRY--PERSONAL NAME
Personal name Baldwin, Andrew N.
856 40 - ELECTRONIC LOCATION AND ACCESS
Uniform Resource Identifier <a href="https://www.vlebooks.com/">https://www.vlebooks.com/</a>
Public note View on VLEbooks. Logins for members only from [email protected]
942 ## - ADDED ENTRY ELEMENTS (KOHA)
Suppress in OPAC 0
Holdings
Withdrawn status Lost status Source of classification or shelving scheme Damaged status Not for loan Home library Current library Shelving location Date acquired Total Checkouts Full call number Barcode Date last seen Copy number Price effective from Koha item type
    Dewey Decimal Classification     Virtual Virtual Online 11/11/2010   EBOOK 151506-2001 06/08/2019 1 06/08/2019 Book